Statistics for Persona 5 OST: 1-15

Click here to take the quiz!

General Stats

  • This quiz has been taken 10 times
  • The average score is 3 of 15

Answer Stats

HintAnswer% Correct
1Wake Up, Get Up, Get Out There
90%
4Life Will Change
70%
2Phantom
30%
6Interrogation Room
20%
13Awakening
10%
3Escape
10%
12Tension
10%
14Will Power
10%
9Beneath The Mask - Instrumental Version
0%
5Getaway & Arrest
0%
8Hymn Of The Soul
0%
11Into The Metaverse
0%
15King, Queen And Slaves - another version
0%
10Meeting
0%
7Recollection & Foreboding
0%

Score Distribution

Percentile by Number Answered

Percent of People with Each Score

Your Score History

You have not taken this quiz